000 004330000a22001690004500
003 MACL
005 20160108173108.0
008 160108b xxu||||| |||| 00| 0 eng d
040 _aMACL
_cMACL
041 _aEnglish
082 _a920.71/BOR
100 _aBury, J B
_930111
245 _aAutobiography of Edward Gibbon
260 _bOxford University Press
_aLondon
650 _aAutobiography
_930112
942 _cBK
_k920.71/Bur
_2ddc
999 _c35148
_d35148